<?xml version="1.0" encoding="UTF-8"?>
<record
    xmlns:xsi="http://www.w3.org/2001/XMLSchema-instance"
    xsi:schemaLocation="http://www.loc.gov/MARC21/slim http://www.loc.gov/standards/marcxml/schema/MARC21slim.xsd"
    xmlns="http://www.loc.gov/MARC21/slim">

  <leader>01792nam a22002177a 4500</leader>
  <controlfield tag="005">20241216102954.0</controlfield>
  <controlfield tag="008">241216b           ||||| |||| 00| 0 eng d</controlfield>
  <datafield tag="020" ind1=" " ind2=" ">
    <subfield code="a">9789355434029</subfield>
  </datafield>
  <datafield tag="040" ind1=" " ind2=" ">
    <subfield code="c">AL</subfield>
  </datafield>
  <datafield tag="041" ind1=" " ind2=" ">
    <subfield code="a">English</subfield>
  </datafield>
  <datafield tag="082" ind1=" " ind2=" ">
    <subfield code="2">23</subfield>
    <subfield code="a">158.1</subfield>
    <subfield code="b">GAVA</subfield>
  </datafield>
  <datafield tag="100" ind1=" " ind2=" ">
    <subfield code="a">Renuka Gavrani</subfield>
    <subfield code="9">191053</subfield>
  </datafield>
  <datafield tag="245" ind1=" " ind2=" ">
    <subfield code="a">Art of being alone: Loneliness was my cage solitude is my home</subfield>
  </datafield>
  <datafield tag="260" ind1=" " ind2=" ">
    <subfield code="a">Uttar Pradesh</subfield>
    <subfield code="b">Manjul Publishing House Pvt Ltd</subfield>
    <subfield code="c">2024</subfield>
  </datafield>
  <datafield tag="300" ind1=" " ind2=" ">
    <subfield code="a">127 p.</subfield>
    <subfield code="b">PB</subfield>
    <subfield code="c">20x13 cm.</subfield>
  </datafield>
  <datafield tag="365" ind1=" " ind2=" ">
    <subfield code="a">5383</subfield>
    <subfield code="b">&#x20B9;239.20</subfield>
    <subfield code="c">&#x20B9;</subfield>
    <subfield code="d">&#x20B9;299.00</subfield>
    <subfield code="e">20%</subfield>
    <subfield code="f">04-12-2024</subfield>
  </datafield>
  <datafield tag="520" ind1=" " ind2=" ">
    <subfield code="a">Taylor Swift said once, &#x201C;The scary news is, you are on your own now. But the cool news is, you are on your own now&#x201D; The fear of loneliness has been injected into our minds since we were kids. We have learned that the kid who eats, &amp; sits alone, and has no friends is pathetic. In every book/movie, the kid with no friends is always featured as a weak character who needs to be saved. No one wants to be seen as a &#x2018;weirdo&#x2019; hence, our dread of being alone. We don&#x2019;t want people to think of us as unwanted or not fitting in with the cool kids. We don&#x2019;t want people to think that no one chose us. So what do we do? We start becoming like an ideal version of whom everyone loves. And in the race to achieve people&#x2019;s acceptance and love, you lose yourself. But enough is enough. The book is divided into two sections. The first section is about transforming loneliness into solitude. And the second section is about using your solitude to turn it into your growth period. If you are ready to transform your perception around loneliness and achieve your goals using your &#x2018;alone time&#x2019; then welcome to &#x2018;The Art of Being Alone.&#x2019;</subfield>
  </datafield>
  <datafield tag="650" ind1=" " ind2=" ">
    <subfield code="a">True Self</subfield>
    <subfield code="9">191054</subfield>
  </datafield>
  <datafield tag="650" ind1=" " ind2=" ">
    <subfield code="a">Your Growth Period</subfield>
    <subfield code="9">191055</subfield>
  </datafield>
  <datafield tag="942" ind1=" " ind2=" ">
    <subfield code="2">ddc</subfield>
    <subfield code="c">BK</subfield>
  </datafield>
  <datafield tag="999" ind1=" " ind2=" ">
    <subfield code="c">232935</subfield>
    <subfield code="d">232935</subfield>
  </datafield>
  <datafield tag="952" ind1=" " ind2=" ">
    <subfield code="0">0</subfield>
    <subfield code="1">0</subfield>
    <subfield code="2">ddc</subfield>
    <subfield code="4">0</subfield>
    <subfield code="7">0</subfield>
    <subfield code="8">PSY</subfield>
    <subfield code="a">AL</subfield>
    <subfield code="b">AL</subfield>
    <subfield code="d">2024-12-12</subfield>
    <subfield code="e">Biblios Book Point Surathkal Mangalore 575014</subfield>
    <subfield code="g">239.00</subfield>
    <subfield code="l">12</subfield>
    <subfield code="m">4</subfield>
    <subfield code="o">158.1 GAVA</subfield>
    <subfield code="p">077437</subfield>
    <subfield code="r">2026-03-21 09:49:21</subfield>
    <subfield code="s">2026-03-10</subfield>
    <subfield code="v">299.00</subfield>
    <subfield code="w">2024-12-16</subfield>
    <subfield code="y">BK</subfield>
  </datafield>
</record>
